00900nam a2200265 a 450000100060000000300080000600500170001400800410003102000150007203500190008704000270010604100080013308200240014110000280016524500430019326000520023630000350028850400490032365000320037265000300040465000270043494200120046199900170047395201440049070398BD-RjUL20211209082008.01704 s1975 caua b 001 0 eng  a0846505401 a(BD-RjUL)70612 aDLCcDLCdBD-RjULbeng aeng00a305.8223bBOV 19751 aBodley, John H.920820210aVictims of progress /cJohn H. Bodley. aMenlo Park, Calif :bCummings Pub. Co.,cc1975. aviii, 200 p. :bill. ;c24 cm. aincludes bibliography & index: p. [175]-191. 0aIndigenous peoples.9208436 0aCulture conflict.9208437 0aSocial change.9208438 2ddccBK c70398d70398 00102ddc40718NFICaRUCLbRUCLcReadingd1977-05-12eHeffer and Sonsg2.90l0o305.8 BOV 1975r2017-04-17 00:00:00tC-1w2021-12-09yBK